Двухуровневая система мониторинга и прогнозирования в электроэнергетике; Бутаковские чтения

Manylion Llyfryddiaeth
Parent link:Бутаковские чтения.— 2025.— С. 66-68
Prif Awdur: Ленюк Д. А.
Awduron Eraill: Юдин С. М. Святослав Михайлович (научный руководитель)
Crynodeb:Текстовый файл
Iaith:Rwseg
Cyhoeddwyd: 2025
Pynciau:
Mynediad Ar-lein:conference_tpu-2025-C133_p66-68.pdf
Fformat: Electronig Pennod Llyfr
KOHA link:https://koha.lib.tpu.ru/cgi-bin/koha/opac-detail.pl?biblionumber=685847

MARC

LEADER 00000naa2a2200000 4500
001 685847
005 20260331095733.0
090 |a 685847 
100 |a 20260331d2025 k||y0rusy50 ca 
101 0 |a rus 
102 |a RU 
135 |a drcn ---uucaa 
200 1 |a Двухуровневая система мониторинга и прогнозирования в электроэнергетике  |f Д. А. Ленюк  |g науч. рук. С. М. Юдин 
283 |2 RDAcarrier 
320 |a Список литературы: 7 назв 
336 |a Текстовый файл 
463 1 |0 685753  |9 685753  |t Бутаковские чтения  |o сборник статей V Всероссийской с международным участием молодёжной конференции, 9-11 декабря 2025 г., Томск  |n Изд-во ТПУ  |c Томск  |d 2025  |u conference_tpu-2025-C133.pdf  |v С. 66-68 
545 1 |a Цифровизация в электроэнергетике и интеллектуальные энергосистемы 
610 1 |a труды учёных ТПУ 
610 1 |a электронный ресурс 
610 1 |a система мониторинга 
610 1 |a радиолокационная интерферометрия 
610 1 |a беспилотные летательные аппараты 
700 1 |a Ленюк  |b Д. А. 
702 1 |a Юдин  |b С. М.  |c специалист в области электротехники  |c доцент Томского политехнического университета, кандидат технических наук  |f 1949-  |g Святослав Михайлович  |4 727 
801 0 |a RU  |b 63413507  |c 20260331 
850 |a 63413507 
856 4 0 |u conference_tpu-2025-C133_p66-68.pdf  |z conference_tpu-2025-C133_p66-68.pdf 
942 |c CF